00734cam a2200169 a 4500020002400000082002400024245011000048260009500158300003500253500002000288526003700308650005400345700003300399942001200432999001900444952010100463 a0801825849 (pbk.) :00a328.1091724bAPPcD00aAppropriate sanitation alternatives :ba planning and design manual /cJohn M. Kalbermatten ... [et al.]. aBaltimore :bPublished for the World Bank [by] the Johns Hopkins University Press,cc1982. axiii, 160 p. :bill. ;c28 cm. aIncludes index. a0b0c0d328_109172400000000_APP 0aSanitary engineeringzDeveloping countries.961401 aKalbermatten, John M.937845 2ddccBK c542607d542607 00102ddc4070aMCEbMCEd2014-02-04l0o328.1091724 APPpMCE-42546r2014-02-04w2014-02-04yBK